000
00224 a2200097 4500
001
58271
100
_a
245
_a
Application of Numerical heat transfer
260
_a
New york
_b
Mc graw hill
_c
1978
090
_c
35768
_d
35768
942
_a
NUST-CAE
_c
_c
28633
999
_c
293344
_d
293344